| 000 | 00558cam a22002172a 4500 | ||
|---|---|---|---|
| 001 | 005785 | ||
| 003 | AR-FADEU | ||
| 008 | 311216n1966####xxu####################dd | ||
| 092 |
_a149.75 _bS714 |
||
| 100 | _aSorokin, Pitirim A | ||
| 245 | _aLas filosofias sociales de nuestra época de crisis : el hombre frente a la crisis | ||
| 250 | _a4a. ed | ||
| 260 | _aMadrid | ||
| 260 | _bAguilar | ||
| 260 | _c1966 | ||
| 300 | _a416 p | ||
| 440 | _aLiteraria | ||
| 700 | _aEloy, Terron, tr | ||
| 650 | _aFILOSOFIA SOCIAL; HOMBRE-CRISIS | ||
| 942 | _cBDGR | ||
| 999 |
_c11606 _d11606 |
||